000
00312nam a22001217a 4500
999
_c
152847
_d
152847
082
_a
934.007
_b
MAR/I.14
100
_a
Marindle J W
245
_a
Indian Historical Research (v.14)/
_c
by Marindle J W.
260
_a
New Delhi:
_b
Cosmo,
_c
1983.
300
_a
424p.
650
_a
History India Ancient
942
_c
BK